| 000 | 01009cam a22002891i 4500 | ||
|---|---|---|---|
| 001 | 10260142 | ||
| 003 | EG-ScBUE | ||
| 005 | 20230808101808.0 | ||
| 008 | 741231s1954 nyu f 000 0 eng d | ||
| 035 | _a(OCoLC)1126424 | ||
| 040 |
_aDLC _beng _erda _cNmPE _dOCoLC _dDLC _dEG-ScBUE |
||
| 041 | 1 |
_aeng _hund |
|
| 043 | _an-us--- | ||
| 082 | 0 | 4 |
_a917.3 _bJUN _222 |
| 100 | 1 |
_aJungk, Robert, _d1913- _eauthor. _99509 |
|
| 245 | 1 | 0 |
_aTomorrow is already here/ _cby Robert Jungk ; translated by Marguerite Waldman, with an introduction by Herbert Agar. |
| 264 | 1 |
_aNew York : _bSimon and Schuster, _c1954. |
|
| 300 |
_a241 pages ; _c22 cm |
||
| 336 |
_2rdacontent _atext _btxt |
||
| 337 |
_2rdamedia _aunmediated _bn |
||
| 338 |
_2rdacarrier _avolume _bnc |
||
| 546 | _aText in English ; translated from unknown language. | ||
| 651 | 7 |
_aUnited States _xDescription and travel. _2BUEsh _99510 |
|
| 700 | 1 |
_aAgar, Herbert, _d1897-1980, _etranslator. |
|
| 942 |
_2ddc _cBB |
||
| 999 |
_c12952 _d12952 |
||